000 00840nam a2200241 i 4500
001 bg
100 1 _aABRAMEK, Wiktor.
245 1 0 _aKonstrukcje betonowe :
_bprzykłady obliczeń przekrojów żelbetowych metodą stanów granicznych.
_nCz. 1,
_pZginanie i ścinanie /
_cWiktor Abramek.
250 _aWyd. 2.
260 _aOpole :
_bPO,
_c1997.
300 _a200 s. :
_brys. ;
_c24 cm.
490 1 _aSkrypt / Politechnika Opolska,
_x1427-9932 ;
_vnr 195
504 _aBibliogr., normy s. 171.
650 9 _aKonstrukcje żelbetowe
_xprojekty
650 9 _aWytrzymałość materiałów
655 _aPodręczniki akademickie
830 0 _aSkrypt (Politechnika Opolska) ;
_vnr 195
040 _cBPK
041 0 _apl
080 _a624.01/.07:666.97/.98:539.3/.4:519.6](075.8)
942 _cKS
008 s pl f |000 0 pol
999 _c31619
_d31619
856 _uhttp://koha.tu.koszalin.pl/cgi-bin/koha/opac-detail.pl?biblionumber=31619
_yKatalog online BPK